000 00276nam a22001337a 4500
008 180213b xxu||||| |||| 00| 0 eng d
020 _a3764351640
041 _aeng
080 _a72
100 _a41
101 _aARK
245 _aAnybody home?
_cAia,P.Z
942 _2udc
_cBK
999 _c42372
_d42372